| 000 | 00549nam a2200217 a 4500 | ||
|---|---|---|---|
| 001 | 0001-2206 | ||
| 003 | ELIB.Books | ||
| 008 | 190803 2010 eng | ||
| 020 | _a1572304596 | ||
| 092 |
_a306.81 _bDoh |
||
| 100 | _aDoherty, William J. | ||
| 245 | _aTake Back your Marriage | ||
| 260 |
_aNew York _bThe Guilford Press _c2001 |
||
| 300 |
_a184 _c23.5cm |
||
| 650 | _aMarriage | ||
| 856 |
_nKBTS Library _uKBTS Elib |
||
| 942 |
_2ddc _cBK |
||
| 990 | _a1 | ||
| 998 |
_aEnglishbooks.elf _ccat _e2019-08-03 |
||
| 999 |
_c12206 _d12206 |
||